000 00935nam a2200289 u 4500
001 000061695
005 20200120224110.0
008 140707s2013 ck er| 000 f spa d
020 _a9789585716551
041 0 _aDspa
043 _ac-k----
090 0 _aAN
_bMONPd
100 1 _aMontoya, Pablo
_d1963-
245 1 4 _aLos derrotados /
_cPablo Montoya ; edición Alejandra Toro, Lucía Donadío.
250 _a1a. ed.
260 _aMedellín :
_bSílaba Editores,
_c2013.
300 _a318 p. ;
_c23 cm.
500 _aEj.1, Biblioteca Carlos E. Restrepo con ISBN: 978958576551
650 1 7 _aNovela colombiana
_ySiglo XX-XXI
_2LEMB
650 2 7 _aNovela colombiana adulta
_2LEMB
650 2 7 _aLiteratura adulta
_2LEMB
650 2 7 _aLiteratura colombiana
_2LEMB
650 2 7 _aGuerra en la literatura
_2LEMB
650 2 7 _aViolencia en la literatura
_2LEMB
700 1 _aToro, Alejandra
_eeditor
700 1 _aDonadío, Lucía
_eeditor
999 _c7994
_d7994